| 000 | 00438nam a2200145Ia 4500 | ||
|---|---|---|---|
| 008 | 181023s9999 xx 000 0 und d | ||
| 020 | _a9781259922169 | ||
| 100 | _aBaltzan, Paige. | ||
| 245 |
_cPaige Baltzan.-- _aBusiness driven technology / |
||
| 250 | _a7th ed | ||
| 260 |
_aNew York : _bMcGraw Hill _c2017 |
||
| 300 | _axxx, 520 pages. | ||
| 650 | _aInformation technology -- management. | ||
| 650 | _aManagement information systems. | ||
| 999 |
_c359372 _d359372 |
||